000 01119nam a22002417a 4500
003 KOHA_MİRAKIL
005 20260414071321.0
008 260408b tu ||||| |||| 00| 0 tur d
040 _aTR-AnABB
_btur
_cTR-AnABB
041 _atur
082 _a338.9561
_bERK 1987
100 1 _aErkal, Mustafa
245 1 0 _a101 soru 101 cevap bölge açısından az gelişmişlik /
_cMustafa Erkal
246 _aAz gelişmişlik
260 _aİstanbul :
_bBoğaziçi yayınları,
_c1982
300 _a268 sayfa ;
_c20 cm
500 _aYazar tarafından imzalı
505 _aİçindekiler: Çeşitli açılardan bölge - Kalkınmada mekan boyutunun yeri - Ekonomik gelişme ve büyümeye sosyolojik bir yaklaşım -Türkiye'de Ülke ve bölge kalkınmasına bakış - Ekonomik kalkınma eğitim ilişkileri ve az gelişmiş bölgeler - Az gelişmiş bölgeler ve emparyalizim - Bazı Sosyal ve ekonomik meselerimiz açısından Doğu ve Gündeydoğu Anadolu bölgeleri
650 0 0 _aEkonomik Politika
650 0 0 _aEkonomik politika, Türkiye
900 _bCan ÇELIK
942 _2ddc
_cBK
999 _c10189
_d10189